[Event "Muensterland Verbandsliga 1819"]
[Site "Germany"]
[Date "2019.02.16"]
[Round "7.6"]
[White "Koetting, Hans Erich"]
[Black "Winzenhoerlein, Thomas"]
[Result "1-0"]
[WhiteElo "1864"]
[BlackElo "1793"]
[PlyCount "57"]
[EventDate "2018.09.01"]
[EventType "team-tourn"]
[EventRounds "9"]
[EventCountry "GER"]
[SourceTitle "EXT 2020"]
[Source "ChessBase"]
[SourceDate "2019.10.17"]
[SourceVersion "1"]
[SourceVersionDate "2019.10.17"]
[SourceQuality "1"]
[WhiteTeam "Duelmen"]
[BlackTeam "Heiden"]
[WhiteTeamCountry "GER"]
[BlackTeamCountry "GER"]

1. d4 Nf6 2. Nf3 d5 3. Bf4 Bg4 4. Nbd2 Bxf3 5. Nxf3 e6 6. e3 Bd6 7. Bg5 Nbd7 8. c3 c6 9. Bd3 Qc7 10. Qe2 0-0-0 11. 0-0 h6 12. Bh4 g5 13. Bg3 Rhe8 14. Rfc1 e5 15. Bf5 Kb8 16. c4 dxc4 17. Qxc4 Nb6 18. Qc2 exd4 19. Nxd4 h5 20. Nb5 cxb5 21. Qxc7+ Bxc7 22. Bxc7+ Ka8 23. Bxd8 Rxd8 24. Rc7 Rf8 25. e4 Kb8 26. Rc5 a6 27. Rd1 Na4 28. Rc2 Re8 29. b3 1-0

[Event "Muensterland Verbandsliga 1718"]
[Site "Germany"]
[Date "2018.01.20"]
[Round "5.8"]
[White "Schmitt, Konrad"]
[Black "Koetting, Hans Erich"]
[Result "0-1"]
[WhiteElo "1678"]
[BlackElo "1850"]
[PlyCount "108"]
[EventDate "2017.09.09"]
[EventType "team-tourn"]
[EventRounds "9"]
[EventCountry "GER"]
[SourceTitle "EXT 2019"]
[Source "ChessBase"]
[SourceDate "2018.10.10"]
[SourceVersion "1"]
[SourceVersionDate "2018.10.10"]
[SourceQuality "1"]
[WhiteTeam "Muenster SK IV"]
[BlackTeam "Duelmen"]
[WhiteTeamCountry "GER"]
[BlackTeamCountry "GER"]

1. e4 c5 2. Nf3 d6 3. c3 Nf6 4. e5 dxe5 5. Nxe5 Qc7 6. Nf3 a6 7. d4 e6 8. Bg5 Be7 9. Be2 0-0 10. dxc5 Qxc5 11. 0-0 b5 12. Nbd2 Bb7 13. Nb3 Qc7 14. Rc1 Rd8 15. Qe1 Bd5 16. c4 bxc4 17. Bxc4 Bxf3 18. gxf3 Qb7 19. Qe2 a5 20. a4 Qb4 21. Bd2 Qb6 22. Be3 Qb7 23. Nc5 Qb4 24. Bb5 Qh4 25. Rc4 Qh5 26. Rfc1 Nd5 27. Nb7 Nxe3 28. fxe3 Rf8 29. Rc8 Qd5 30. Rxf8+ Bxf8 31. Rc7 Ra7 32. Bc4 Qe5 33. Rc8 Rxb7 34. b3 Nd7 35. Bb5 Nc5 36. f4 Qe4 37. Qd2 Qg6+ 38. Kf1 Qf6 39. Qc2 Qe7 40. Re8 Qd6 41. Bc4 Rc7 42. Ke2 Nb7 43. Qe4 Rd7 44. Qc2 Rd8 45. Rxd8 Nxd8 46. Bd3 g6 47. Qc8 Nc6 48. Bc4 Ne7 49. Qa8 Qc5 50. Qe4 Nf5 51. Qf3 Bd6 52. Kd2 Qb4+ 53. Kc2 Bc5 54. Kb2 Qd2+ 0-1

[Event "Muensterland Regionalliga 1516"]
[Site "Germany"]
[Date "2016.02.27"]
[Round "7.8"]
[White "Binger, Friedhelm"]
[Black "Koetting, Hans Erich"]
[Result "0-1"]
[WhiteElo "1735"]
[BlackElo "1865"]
[PlyCount "58"]
[EventDate "2015.09.05"]
[EventType "team"]
[EventRounds "9"]
[EventCountry "GER"]
[SourceTitle "EXT 2017"]
[Source "ChessBase"]
[SourceDate "2016.10.25"]
[SourceVersion "1"]
[SourceVersionDate "2016.10.25"]
[SourceQuality "1"]
[WhiteTeam "Gronau"]
[BlackTeam "Duelmen"]
[WhiteTeamCountry "GER"]
[BlackTeamCountry "GER"]

1. e4 c5 2. Nf3 d6 3. d4 cxd4 4. Nxd4 Nf6 5. Nc3 a6 6. Be2 b5 7. a3 e5 8. Nb3 Be7 9. Be3 0-0 10. 0-0 Bb7 11. f3 d5 12. exd5 Nxd5 13. Nxd5 Bxd5 14. c3 Nc6 15. Qc2 Qc7 16. Rad1 Rfd8 17. Rd2 Qc8 18. Nc1 Qe6 19. b4 Rac8 20. Qb2 Bf6 21. Nd3 Nb8 22. Nc5 Qc6 23. Rc2 Nd7 24. Rd1 Nb6 25. Qc1 Be7 26. Rcd2 h5 27. Kf2 f5 28. Kg1 h4 29. Kf2 f4 0-1

[Event "Muensterland Verbandsliga 1213"]
[Site "Germany"]
[Date "2012.09.22"]
[Round "1.4"]
[White "Reinhold, Klaus"]
[Black "Koetting, Hans Erich"]
[Result "1-0"]
[WhiteElo "1957"]
[BlackElo "1913"]
[PlyCount "121"]
[EventDate "2012.09.22"]
[EventType "team-tourn"]
[EventRounds "9"]
[EventCountry "GER"]
[SourceTitle "EXT 2015"]
[Source "ChessBase"]
[SourceDate "2014.11.20"]
[SourceVersion "1"]
[SourceVersionDate "2014.11.20"]
[SourceQuality "1"]
[WhiteTeam "Gronau"]
[BlackTeam "Duelmen"]
[WhiteTeamCountry "GER"]
[BlackTeamCountry "GER"]

1. d4 Nf6 2. c4 g6 3. Nc3 d5 4. Nf3 Bg7 5. Qb3 dxc4 6. Qxc4 0-0 7. e4 c6 8. Qb3 b6 9. e5 Ne8 10. Bc4 b5 11. Bxf7+ Rxf7 12. Ng5 e6 13. Nxf7 Kxf7 14. Be3 Nd7 15. Ne4 h6 16. Rc1 Bf8 17. Rxc6 Nb8 18. Rc1 Bb7 19. Nc5 Bd5 20. Qxb5 a6 21. Qa4 Bxg2 22. Rg1 Qd5 23. Nxe6 Qxe6 24. Rxg2 Nd7 25. Qc4 Rb8 26. b3 Bb4+ 27. Ke2 g5 28. Qxe6+ Kxe6 29. Rc6+ Kd5 30. Rxh6 Nc7 31. Rxg5 Ne6 32. Rgg6 Ndf8 33. Rf6 Rc8 34. Kd1 Be7 35. Rf7 Rc7 36. h4 a5 37. h5 Nxd4 38. Bxd4 Kxd4 39. f4 Ke4 40. Rh8 Ne6 41. Rhh7 Rd7+ 42. Kc2 Nd4+ 43. Kb2 Nf5 44. h6 Rd2+ 45. Kc1 Bb4 46. a3 Ne3 47. axb4 Rd1+ 48. Kb2 axb4 49. Rd7 Rh1 50. Rd2 Kxf4 51. e6 Nf5 52. Re2 Kf3 53. e7 Kxe2 54. e8Q+ Kd3 55. Rd7+ Nd4 56. Rxd4+ Kxd4 57. Qd7+ Ke3 58. Qe6+ Kd4 59. Qc4+ Ke3 60. Qxb4 Rh2+ 61. Ka3 1-0

[Event "Muensterland Verbandsklasse-B 1112"]
[Site "Germany"]
[Date "2012.02.11"]
[Round "6.5"]
[White "Merschkoetter, Peter"]
[Black "Koetting, Hans Erich"]
[Result "0-1"]
[WhiteElo "1595"]
[BlackElo "1881"]
[PlyCount "81"]
[EventDate "2011.09.17"]
[EventType "team-tourn"]
[EventRounds "9"]
[EventCountry "GER"]
[SourceTitle "EXT 2013"]
[Source "ChessBase"]
[SourceDate "2012.11.22"]
[SourceVersion "1"]
[SourceVersionDate "2012.11.22"]
[SourceQuality "1"]
[WhiteTeam "Reckenfeld"]
[BlackTeam "Duelmen"]
[WhiteTeamCountry "GER"]
[BlackTeamCountry "GER"]

1. e4 c5 2. Nf3 d6 3. d4 cxd4 4. Nxd4 Nf6 5. Nc3 a6 6. Bc4 e6 7. 0-0 Be7 8. f4 Qc7 9. Bb3 0-0 10. Kh1 Bd7 11. f5 e5 12. Nf3 Bc6 13. Nd5 Nxd5 14. Bxd5 Nd7 15. Bg5 Bxg5 16. Nxg5 Nf6 17. Re1 h6 18. Nh3 Bxd5 19. exd5 Qc5 20. c3 Nxd5 21. Qf3 Nf6 22. Nf2 Qc6 23. Qd3 Rad8 24. Rad1 Rfe8 25. Kg1 d5 26. Qf3 Qa4 27. a3 Qc4 28. Rc1 b5 29. h3 Qc5 30. Kf1 Qc7 31. Qe3 Nh5 32. g3 Qc8 33. g4 Nf4 34. Rcd1 Qc6 35. Qg3 d4 36. Ne4 Qc4+ 37. Kf2 dxc3 38. Qxc3 Nd3+ 39. Rxd3 Qxd3 40. Qc6 Rc8 41. Qb6 0-1

[Event "Muensterland Verbandsklasse-B 1112"]
[Site "Germany"]
[Date "2011.09.17"]
[Round "1.6"]
[White "Dietrich, Johannes"]
[Black "Koetting, Hans Erich"]
[Result "1/2-1/2"]
[WhiteElo "1788"]
[BlackElo "1881"]
[PlyCount "33"]
[EventDate "2011.09.17"]
[EventType "team-tourn"]
[EventRounds "9"]
[EventCountry "GER"]
[SourceTitle "EXT 2013"]
[Source "ChessBase"]
[SourceDate "2012.11.22"]
[SourceVersion "1"]
[SourceVersionDate "2012.11.22"]
[SourceQuality "1"]
[WhiteTeam "Muenster IV"]
[BlackTeam "Duelmen"]
[WhiteTeamCountry "GER"]
[BlackTeamCountry "GER"]

1. Nf3 Nf6 2. c4 g6 3. g3 Bg7 4. Bg2 0-0 5. 0-0 c6 6. Nc3 d5 7. cxd5 cxd5 8. d4 Nc6 9. Ne5 e6 10. f4 Qb6 11. e3 Nd7 12. Na4 Qc7 13. Bd2 Ndxe5 14. fxe5 f6 15. exf6 Bxf6 16. Rc1 Qd6 17. Qb3 1/2-1/2

[Event "Muensterland Verbandsklasse-A 0910"]
[Site "Germany"]
[Date "2009.11.21"]
[Round "3.2"]
[White "Koetting, Hans Erich"]
[Black "Broemmel, Rudolf"]
[Result "1/2-1/2"]
[WhiteElo "1889"]
[BlackElo "1975"]
[PlyCount "95"]
[EventDate "2009.09.19"]
[EventType "team-tourn"]
[EventRounds "9"]
[EventCountry "GER"]
[SourceTitle "EXT 2011"]
[Source "ChessBase"]
[SourceDate "2010.11.26"]
[SourceVersion "1"]
[SourceVersionDate "2010.11.26"]
[SourceQuality "1"]
[WhiteTeam "Duelmen"]
[BlackTeam "Raesfeld Erle"]
[WhiteTeamCountry "GER"]
[BlackTeamCountry "GER"]

1. Nf3 Nf6 2. b3 g6 3. Bb2 Bg7 4. e4 c5 5. Na3 0-0 6. Qe2 Nc6 7. e5 Ne8 8. h4 d6 9. h5 Bg4 10. hxg6 hxg6 11. Nc4 dxe5 12. Ne3 Nd4 13. Bxd4 Bxf3 14. Qxf3 exd4 15. Qh3 Nf6 16. Ng4 Nh5 17. Bd3 e5 18. f3 Re8 19. Nf2 Nf4 20. Qh7+ Kf8 21. Bb5 Re7 22. g3 Nh5 23. Ne4 Qb6 24. Bc4 Nf6 25. Qh3 Nxe4 26. fxe4 Rd8 27. g4 Qf6 28. 0-0-0 Qg5 29. Rdf1 Rd6 30. Rf3 Rf6 31. Rxf6 Bxf6 32. Rf1 Kg7 33. Rh1 Kf8 34. Bd5 b6 35. Qf1 Kg7 36. Qe2 Rd7 37. Rf1 Re7 38. Qf2 Rd7 39. Qe2 Re7 40. Qf3 Rd7 41. Rh1 Re7 42. Qe2 Kg8 43. Qf3 Kg7 44. Qh3 Kf8 45. Rf1 Kg7 46. Rh1 Kf8 47. Rf1 Kg7 48. Rh1 1/2-1/2

[Event "Muensterland Verbandsklasse-A 0607"]
[Site "Germany"]
[Date "2007.05.12"]
[Round "9.4"]
[White "Gesing, Felix"]
[Black "Koetting, Hans Erich"]
[Result "1-0"]
[WhiteElo "1810"]
[BlackElo "1825"]
[PlyCount "81"]
[EventDate "2006.09.23"]
[EventType "team-tourn"]
[EventRounds "9"]
[EventCountry "GER"]
[SourceTitle "EXT 2008"]
[Source "ChessBase"]
[SourceDate "2007.11.25"]
[SourceVersion "1"]
[SourceVersionDate "2007.11.25"]
[SourceQuality "1"]
[WhiteTeam "Raesfeld Erle"]
[BlackTeam "Duelmen"]
[WhiteTeamCountry "GER"]
[BlackTeamCountry "GER"]

1. e4 d6 2. d4 Nf6 3. Nc3 g6 4. Be3 Bg7 5. f3 c6 6. Qd2 h5 7. 0-0-0 Qa5 8. e5 Nd5 9. Nxd5 Qxa2 10. Nc3 Qa1+ 11. Nb1 Be6 12. b3 Nd7 13. exd6 exd6 14. Qb4 a5 15. Qa3 Qxa3+ 16. Nxa3 b5 17. d5 Bxd5 18. Nxb5 0-0 19. Nc7 a4 20. Nxa8 axb3 21. Nc7 Rc8 22. Nxd5 cxd5 23. Bd3 Ne5 24. Bd4 Bh6+ 25. Kb2 bxc2 26. Bxc2 Nc4+ 27. Kb3 Na5+ 28. Ka4 Rxc2 29. Kxa5 Rxg2 30. Nh3 Bd2+ 31. Kb5 Bh6 32. Rhe1 Kh7 33. Re8 g5 34. Rh8+ Kg6 35. Nf4+ gxf4 36. Rg8+ Kf5 37. Rxg2 f6 38. Rg8 h4 39. Kc6 h3 40. Kxd5 Bg5 41. Rg1 1-0

[Event "Muensterland Verbandsklasse-B 0405"]
[Site "Muensterland"]
[Date "2004.09.11"]
[Round "1.5"]
[White "Raue, Thorsten"]
[Black "Koetting, Hans Erich"]
[Result "1/2-1/2"]
[WhiteElo "1843"]
[BlackElo "1875"]
[PlyCount "79"]
[EventDate "2004.09.11"]
[EventType "team-tourn"]
[EventRounds "9"]
[EventCountry "GER"]
[SourceTitle "EXT 2006"]
[Source "ChessBase"]
[SourceDate "2005.11.24"]
[SourceVersion "1"]
[SourceVersionDate "2005.11.24"]
[SourceQuality "1"]
[WhiteTeam "Steinfurt"]
[BlackTeam "Duelmen"]
[WhiteTeamCountry "GER"]
[BlackTeamCountry "GER"]

1. b4 d5 2. Bb2 Bf5 3. e3 e6 4. Nf3 h6 5. b5 Nf6 6. c4 Nbd7 7. d4 dxc4 8. Bxc4 Bb4+ 9. Nbd2 Nb6 10. Be2 0-0 11. 0-0 Qe7 12. Qb3 Ne4 13. Nxe4 Bxe4 14. Rac1 Bd5 15. Qc2 Bxa2 16. Qxc7 Rfc8 17. Qxe7 Bxe7 18. Rxc8+ Rxc8 19. Ra1 Rc2 20. Rxa2 Rxe2 21. Kf1 Rc2 22. Ne1 Rd2 23. Nf3 Rc2 24. Ne1 Rd2 25. Nf3 Rd3 26. Rxa7 Nc4 27. Ba1 Ra3 28. Rxa3 Nxa3 29. Ke2 Nxb5 30. Kd3 Kf8 31. Nd2 Ke8 32. d5 f6 33. dxe6 Nc7 34. Nb3 Nxe6 35. Kc4 Kd7 36. Bc3 Kc6 37. Na5+ Kb6 38. Nb3 Kc6 39. Na5+ Kb6 40. Nb3 1/2-1/2

[Event "Muensterland Verbandsklasse-B 0304"]
[Site "Germany"]
[Date "2003.12.13"]
[Round "4.4"]
[White "Eberth, Manfred"]
[Black "Koetting, Hans Erich"]
[Result "0-1"]
[WhiteElo "1859"]
[BlackElo "1905"]
[PlyCount "78"]
[EventDate "2003.09.20"]
[EventType "team-tourn"]
[EventRounds "9"]
[EventCountry "GER"]
[SourceTitle "EXT 2005"]
[Source "ChessBase"]
[SourceDate "2004.11.15"]
[SourceVersion "1"]
[SourceVersionDate "2004.11.15"]
[SourceQuality "1"]
[WhiteTeam "Westbevern II"]
[BlackTeam "Duelmen"]
[WhiteTeamCountry "GER"]
[BlackTeamCountry "GER"]

1. c4 Nf6 2. g3 g6 3. Bg2 c6 4. e3 Bg7 5. d4 d5 6. cxd5 cxd5 7. Nc3 0-0 8. Nge2 Nc6 9. 0-0 Bf5 10. a3 a6 11. Nf4 e6 12. f3 g5 13. Nd3 Nd7 14. f4 h6 15. g4 Bxd3 16. Qxd3 gxf4 17. Rxf4 Rc8 18. Bd2 b5 19. Raf1 b4 20. axb4 Nxb4 21. Qe2 a5 22. R1f2 Nb6 23. Bf1 Nc4 24. Bc1 Nd6 25. Qf3 e5 26. dxe5 Bxe5 27. Rxb4 axb4 28. Qxd5 Qg5 29. e4 Qxc1 30. Qxe5 bxc3 31. bxc3 Nc4 32. Qf6 Nd2 33. Qf4 Nb3 34. Qf6 Rxc3 35. g5 Rc6 36. Qf5 Rg6 37. h4 Nd4 38. Qe5 Qe3 39. Kg2 Re6 0-1

[Event "Muensterland Verbandsklasse-B 0304"]
[Site "Germany"]
[Date "2003.11.15"]
[Round "3.4"]
[White "Koetting, Hans Erich"]
[Black "Hoeing, Johannes"]
[Result "0-1"]
[WhiteElo "1905"]
[BlackElo "1960"]
[PlyCount "56"]
[EventDate "2003.09.20"]
[EventType "team-tourn"]
[EventRounds "9"]
[EventCountry "GER"]
[SourceTitle "EXT 2005"]
[Source "ChessBase"]
[SourceDate "2004.11.15"]
[SourceVersion "1"]
[SourceVersionDate "2004.11.15"]
[SourceQuality "1"]
[WhiteTeam "Duelmen"]
[BlackTeam "Suedlohn II"]
[WhiteTeamCountry "GER"]
[BlackTeamCountry "GER"]

1. Nf3 Nf6 2. b3 g6 3. Bb2 Bg7 4. e4 d6 5. c4 0-0 6. Nc3 e5 7. Be2 Nc6 8. h3 Nd4 9. 0-0 Nxe2+ 10. Qxe2 Nh5 11. d3 Nf4 12. Qd1 c5 13. Kh2 Qd7 14. Ng1 a6 15. Nce2 Nxe2 16. Nxe2 b5 17. f4 f5 18. fxe5 dxe5 19. cxb5 axb5 20. Qc2 Bb7 21. a4 b4 22. Qc4+ Kh8 23. exf5 gxf5 24. Qxc5 Rac8 25. Qxb4 Rc2 26. Bxe5 Bxe5+ 27. Nf4 Rxg2+ 28. Kh1 Ra2+ 0-1